Tarihöncesinden bugüne Akdeniz dünyası ve doğa: (Record no. 14371)

MARC details
000 -BAŞLIK
Sabit Uzunlukta Kontrol Alanı 00836nam a22002417a 4500
999 ## - SİSTEM KONTROL NUMARALARI (KOHA)
Koha Biblionumber 14371
Koha Biblioitemnumber 14371
003 - KONTROL NUMARASI IDENTIFIER
Denetim Alanı MIRAKIL
005 - SON İŞLEM TARİHİ VE ZAMANI
Denetim Alanı 20220621165632.0
008 - SABİT-BOY VERİ ELEMANLARI - GENEL BİLGİLER
Sabit Uzunlukta Kontrol Alanı 220621b tu ||||| |||| 00| 0 tur d
020 ## - ULUSLARARASI STANDART KİTAP NUMARASI
Uluslararası Standart Kitap Numarası 9786254052330
040 ## - KATALOGLAMA KAYNAK
Orijinal Kataloglama Ajansı TR-AnCHP
Metne Dönüştürmek Ajansı TR-AnCHP
041 ## - DİL KODU
Metin / Ses Parça Veya Ayrı Başlığın Dil Kodu Tur
082 ## - DEWEY ONLU SINIFLANDIRMA NUMARASI
Sınıflandırma Numarası 909
Ürün Numarası M13t 2021
100 ## - ANA GİRİŞ - KİŞİSEL İSİM
Kişisel Ad McGregor, James H.S.
245 10 - BAŞLIK TABLOSU
Başlık Tarihöncesinden bugüne Akdeniz dünyası ve doğa:
Başlığın Kalan Kriz çağına nasıl geldik?/
Sorumluluk Tablosu, Vb James H.S. McGregor ; çeviren Barış Gönülşen.
246 ## - UNVAN FORM VARYING
Başlık Doğru / Kısa Başlığı Kriz çağına nasıl geldik?
260 ## - YAYIN, DAĞITIM, VB
Yayın, Dağıtım, Vb Yeri İstanbul:
Yayıncı, Dağıtıcı, Vs Adı Türkiye İş Bankası,
Yayın, Dağıtım, Vb Tarihi 2021.
300 ## - FİZİKSEL TANIM
Kapsam 397 s.:
Diğer Fiziksel Ayrıntıları hrt.;
Boyutlar 23 sm.
490 0# - SERİSİ TABLOSU
Seri Beyanı Türkiye İş Bankası Genel Yayın ;
Hacim / Ardışık Tanımı 5039
504 ## - KAYNAKÇA VB NOT
Kaynakça Vb Notu Kaynakça ve dizin vardır.
650 #0 - KONU KATMA GİRİŞ - TOPİKAL DÖNEM
9 (RLIN) 5671
Topikal Süreli Veya Coğrafi Ad Giriş Elemanı Uygarlık
Genel Alt Bölümü Tarih
Coğrafi Alt Bölümü Akdeniz
700 ## - KATMA GİRİŞ - KİŞİSEL İSİM
9 (RLIN) 6686
Kişisel Ad Gönülşen, Barış
Relator Terim çev.
942 ## - EKLENDİ GİRİŞ ELEMANLARI (KOHA)
Sınıflandırma Veya Raf Düzeni Kaynak Dewey Decimal Classification
Koha Öğesi Türü Books
Holdings
Kalıcı Konum Mevcut Konum Edinme Tarihi Toplam Check-Out'Lar Tam Çağrı Numarası Barkod Tarih Son Görülme İtibaren Geçerli Fiyatlar Koha Öğesi Türü
CHP Kütüphanesi CHP Kütüphanesi 04/07/2021   909 M13t 2021 020466 04/07/2021 04/07/2021 Books
Parti Okulu Kütüphanesi Parti Okulu Kütüphanesi 02/27/2024   909 M13t 2021 21194 02/27/2024 02/27/2024 Books